Les plus gros transferts du football - Arrières guaches - 2011-2012 - Statistiques

Statistiques générales
  • Ce quiz a été pris 26 fois
  • Le résultat moyen est 3 sur 10
Statistiques - réponses
Montant de transfert (M €) Nationalité Venant de Allant à Joueur % Correct
30,00 Portugal Benfica Real Madrid Fábio Coentrão
100%
7,75 France Arsenal Manchester City Gaël Clichy
76%
18,00 Angleterre Aston Villa Manchester United Ashley Young
44%
9,60 Brésil Maldonado FC Porto Alex Sandro
28%
15,00 Italie Genoa Zenti S-Pb Domenico Criscito
28%
7,00 Guinée / France Chievo Verona Genoa Kévin Constant
12%
5,65 Italie Inter Newcastle United Davide Santon
8%
8,00 Espagne Newcastle United Liverpool José Enrique
8%
6,00 Espagne CA Osasuna Málaga CF Nacho Monreal
8%
7,00 Brésil Fenerbahce Arsenal André Santos
0%
Aucun quiz correspondant
Distribution des résultats
% des personnes avec chaque résultat
Percentile par nombre de réponses
Votre historique - résultats
Vous n’avez pas pris ce quiz